Problematika zahraničného obchodu Ukrajiny po prezidentských voľbách 2010
Ciele zahraničnoobchodnej politiky Ukrajiny. Zahraničnoobchodné vzťahy Ukrajiny so Slovenskom. Vývoj vzájomného zahraničného obchodu medzi Ukrajinou a Slovenskom (2004-2008). Priame zahraničné investície. Podmienky podnikateľského prostredia Ukrajiny.
Saved in:
| Main Author: | |
|---|---|
| Format: | Book Chapter |
| Language: | Slovak |
| Subjects: | |
| Tags: |
No Tags, Be the first to tag this record!
|
MARC
| LEADER | 00000nla$a2200000$$$4500 | ||
|---|---|---|---|
| 001 | 0141950 | ||
| 005 | 20240502083330.4 | ||
| 041 | 0 | |a slo | |
| 044 | |a CZ | ||
| 245 | 1 | 0 | |a Problematika zahraničného obchodu Ukrajiny po prezidentských voľbách 2010 |c Ivan Povch |
| 520 | |a Ciele zahraničnoobchodnej politiky Ukrajiny. Zahraničnoobchodné vzťahy Ukrajiny so Slovenskom. Vývoj vzájomného zahraničného obchodu medzi Ukrajinou a Slovenskom (2004-2008). Priame zahraničné investície. Podmienky podnikateľského prostredia Ukrajiny. | ||
| 610 | 2 | 0 | |a obchod zahraničný |
| 610 | 2 | 0 | |a dovoz |
| 610 | 2 | 0 | |a vývoz |
| 610 | 2 | 0 | |a politika zahraničnoobchodná |
| 610 | 2 | 0 | |a podnikanie |
| 610 | 2 | 0 | |a prostredie podnikateľské |
| 610 | 2 | 0 | |a investície priame zahraničné |
| 610 | 2 | 0 | |a Ukrajina |
| 610 | 2 | 0 | |a Slovensko |
| 100 | 1 | |a Povch, Ivan | |